| 000 | 00352nam a2200109Ia 4500 | ||
|---|---|---|---|
| 008 | 220615s9999||||xx |||||||||||||| ||und|| | ||
| 245 | 0 | _aElectronic Evidence and Electronic Signatures | |
| 546 | _aEnglish[eng] | ||
| 700 | _aMason, Stephen||Seng, Daniel | ||
| 856 | _uhttps://library.oapen.org/bitstream/20.500.12657/55755/1/9781911507246.pdf | ||
| 942 | _cEB | ||
| 999 |
_c8447 _d8447 |
||